00620nab a22001577a 4500003000400000005001700004008004100021040000800062080001200070100012400082245012300206260001000329500002600339650003800365773005900403BPK20160404103549.0160211b1979 pl ||||| |||| 00| 0pol  cBPK a94(438) aPOLAK, Bogusław.d 1979 - 1996.bWyższa Szkoła Inżynierska w Koszalinie - Studium Nauk Społeczno - Politycznych. aŹródła i materiały do dziejów powstania wielkopolskiego i wojsk wielkopolskich (1918-1919) /cBogusław Polak. c1979. aDane z kartoteki bpp. 0aPowstanie 1918 r. wielkopolskie.  iW :tKronika Wielkopolska. -g1979, nr 1/2, s. 284-287